| 000 | 00444nam a22001337a 4500 | ||
|---|---|---|---|
| 999 |
_c525908 _d525908 |
||
| 008 | 240423b ||||| |||| 00| 0 eng d | ||
| 100 |
_aNiall Ferguson _951849 |
||
| 245 | _aKissinger and the true meaning of detente: Reinventing a cold war strategy for the contest with China | ||
| 260 | _aForeign Affairs | ||
| 300 | _a103(3), Mar-Apr, 2024: p.120-133 | ||
| 773 | _aForeign Affairs | ||
| 906 | _aINTERNATIONAL RELATIONS | ||
| 942 | _cAR | ||